000 00679nam a2200193 a 4500
001 000042018
005 20201002035904.0
008 131030s2004 sp 000 0 spa d
020 _a8400083121
040 _aDO-SdBNP
_bspa
_cBNPHU
245 0 0 _aSoñando con los Dogon :
_ben los orígenes de la etnografía francesa /.
260 _a2005,
_cMadrid :
_bCSIC.
300 _a394 p. ;
_c22 cm.
490 1 _aEstudios sobre la ciencia
_v35
500 _aIncluye índice
504 _aIncluye referencias bibliográficas y notas al pie de las páginas
710 2 _aConsejo Superior de Investigaciones Científicas(España)
_967719
830 0 _aEstudios sobre la ciencia
_v35
_938739
999 _c41507
_d41507